000 02302cam a22001934a 4500
005 20250605164409.0
008 250528s ||||||||||||||||||||||||d
035 _a24938
040 _aGR-AtMCL
_bgre
_dGR-AtMCL
_eAACR2
245 1 _aArt of Life Health / Τι Επιφυλάσει το Μέλλον για τα Νοσήματα της Καρδιάς
260 _c2024
300 _a122
520 _aΝευραλγία Τριδύμου: Ο Ρόλος της Επεμβατικής Ακτινολογίας, EDOF: Ενδοφακοί Εστίασης Αυξημένου Βάθους, Εξωσωματική Γονιμοποίηση: Πώς Επιλέγω την Κατάλληλη Μονάδα;, Εξωσωματική: Η Σημασία του Σωστού Τρόπου Ζωής, Αφιέρωμα: Η Καρδιολογία και η Καρδιοχειρουργική στους Καιρούς της Υψηλής Τεχνολογίας, Εν Αναμονή μιας Νέας Πανδημίας μετά τον Κορονοϊό, Εφηβεία: Σεξουαλικώς Μεταδιδόμενες Λοιμώξεις και Αντισύλληψη, Αναγεννητική Ορθοπαιδική: Βιολογική Αντικατάσταση Γόνατος, Φόβοι και Φοβίες στα Παιδιά: Πώς Μπορούν να Βοηθήσουν οι Γονείς, Διογκώσεις του Τραχήλου στα Παιδιά, TIP TOE WALKING: Βάδιση στις Μύτες των Άκρων Ποδών, Υπολειπόμενη Ανάπτυξη Εμβρύου: Τι Σημαίνει Όταν Είναι Μικρό το Έμβρυο, Προληπτικός Γυναικολογικός Έλεγχος: Κάθε Πότε και τι Περιλαμβάνει, HPV: Η Αναγκαιότητα Εμβολιασμού και στα Δύο Φύλα, Αίμα στην Αρχή της Εγκυμοσύνης, Διατροφή και Γονιμότητα: Πώς Συνδέονται, Πρόωρος Τοκετός, Ρινοπλαστική: Μύθοι και Αλήθειες, Τα Νέα μας, Για την Κοινωνία.
700 1 _aΒασιλάκη Κατερίνα
_99488
942 _cCR
710 2 _aMc Victor And Hamilton Sa
_99837
999 _c9767
_d9767